00586cas a2200193 a 45000220014000000400008000140820026000222450043000482600025000913000030001165000054001465000037002005000062002376500020002996500020003197000018003397000019003577100016003761 a1934-4503 cJTB10a929 NOL 2014 A114 Or.00aHow to change your name in California. aBerkeley, CA :bNolo avolumes :bforms ;c28 cm aVols. for 2006- by: Lisa Sedano and Emily Doskow. a12th ed.- accompanied by CD-ROM. aEarlier issues, 1998-2004, cataloged as monographs in LC. 0aNames, Personal 7aNames, Personal1 aSedano, Lisa,1 aDoskow, Emily.2 aNolo (Firm)